000 03312nam a22003977a 4500
005 20101218141249.0
010 _aB-419635-649
020 _a9788131725955
_c530.00
035 _aB-419635-649
037 _bUBH
082 _a005.8
100 _aSmith, Sean
_924914
245 _aThe craft of system security /
_cby Sean Smith [and] John Marchesini
260 _aDelhi
_bPearson Educations
_c2009
270 _a482 FIF, Patparganj
_bDelhi
_e110092
300 _axxxiii, 557p.
_c25cm(pbk)
500 _aIncludes bibliographical references and index
700 _aMarchesini, John
_924915
942 _2ddc
_cEN
_mSMI
_h005.8
999 _c35802
_d35802